| 000 | 01375nam a22002057a 4500 | ||
|---|---|---|---|
| 999 |
_c57186 _d57186 |
||
| 003 | Ge_BSU | ||
| 005 | 20221221153056.0 | ||
| 008 | 191224s2019 ge ||||| |||| 00| 0 geo d | ||
| 041 | _ageo | ||
| 080 | _a94 ბ-52 | ||
| 100 |
_aბერიძე, ჯემალ _92734 |
||
| 245 |
_aსაქართველო - თურქეთის სოციალურ - პოლიტიკური და კულტურულ-ეკონომიკური ურთიერთობები თანამედროვე ეტაპზე (1992-2012 წწ.) : _bწარმოდგენილია ისტორიის დოქტორის აკადემიური ხარისხის მოსაპოვებლად / _cჯემალ ბერიძე ; სამეცნ. ხელმძღვ. ი. ბარამიძე. |
||
| 264 |
_aბათუმი : _bბათუმის შოთა რუსთაველის სახ-ფო უნ-ტი, _c2019. |
||
| 300 |
_a147 გვ.; _b30 სმ. |
||
| 653 | _aისტორია | ||
| 653 | _aსაქართველო-თურქეთის ურთიერთობა | ||
| 653 | _aდისერტაცია | ||
| 700 |
_aბარამიძე, ი. _eსამეცნ. ხელმძღვანელი _95948 |
||
| 942 |
_2udc _cDS |
||